| 000 | 00583nam a2200217Ia 4500 | ||
|---|---|---|---|
| 003 | OSt | ||
| 005 | 20230615115205.0 | ||
| 008 | 210423s1971 xx 000 0 und d | ||
| 040 | _cAL | ||
| 041 | _aeng | ||
| 082 |
_a361.3072 _223 _bIGNS |
||
| 100 |
_aIGNOU _9116965 |
||
| 245 | _aSocial work research: data processing and analysis | ||
| 260 |
_bIgnou _c1971 |
||
| 300 | _a70 | ||
| 365 |
_b121 _cINR |
||
| 650 |
_aSocial Problems & Services _9116966 |
||
| 650 |
_aSocial Work _9116967 |
||
| 906 | _aanalysis ; data ; processing ; research: ; Social ; work | ||
| 942 |
_2ddc _cBK |
||
| 999 |
_c175475 _d175475 |
||